[Event "Sterlitamak-ch U15"]
[Site "Sterlitamak"]
[Date "2016.04.13"]
[Round "2.3"]
[White "Yamasipov, Denis"]
[Black "Samoylov, Mikhail"]
[Result "1-0"]
[WhiteElo "1258"]
[BlackElo "1121"]
[PlyCount "31"]
[EventDate "2016.04.11"]
[EventType "swiss"]
[EventRounds "11"]
[EventCountry "RUS"]
[SourceTitle "EXT 2022"]
[Source "ChessBase"]
[SourceDate "2021.10.06"]
[SourceVersion "1"]
[SourceVersionDate "2021.10.06"]
[SourceQuality "1"]

1. d4 d5 2. c4 e6 3. Nc3 dxc4 4. e4 Nc6 5. Nf3 Bb4 6. Bxc4 e5 7. d5 Na5 8. Qa4+ c6 9. Qxb4 Nxc4 10. Qxc4 Bg4 11. Nxe5 Nf6 12. dxc6 0-0 13. cxb7 Rb8 14. Nc6 Qd6 15. Nxb8 Be6 16. Qe2 1-0